000 00618nam a2200229Ia 4500
003 OSt
005 20221007074248.0
006 a|||||r|||| 00| 0
007 ta
008 221006b |||||||| |||| 00| 0 eng d
024 _a43,010
037 _cTextual
040 _aFLL
_cFLL
_beng
041 _2eng
_aeng
082 _aZ3,215, Q1
100 _aKlein Natalie
_9690236
245 0 _aMaritime security and the law of the sea
260 _aN.Y.
_bOxford university press U.K.
_c2011
300 _axxvi, 350p
_ccm.
942 _hZ3,215, Q1
_cTEXL
_2CC
999 _c1151738
_d1151738